Etica protestante / (Record no. 11013)

MARC details
000 -LEADER
fixed length control field 00492nam a2200181Ka 4500
005 - DATE AND TIME OF LATEST TRANSACTION
control field 20250625125423.0
008 - FIXED-LENGTH DATA ELEMENTS--GENERAL INFORMATION
fixed length control field 250625b ||||| |||| 00| 0 spa d
020 ## - INTERNATIONAL STANDARD BOOK NUMBER
International Standard Book Number 987-546-046-X
082 14 - DEWEY DECIMAL CLASSIFICATION NUMBER
Edition number 14
Classification number 335
100 1# - MAIN ENTRY--PERSONAL NAME
Personal name Weber, Max.
9 (RLIN) 3600
245 13 - TITLE STATEMENT
Title Etica protestante /
Statement of responsibility, etc Max Weber
260 ## - PUBLICATION, DISTRIBUTION, ETC. (IMPRINT)
Place of publication, distribution, etc Buenos Aires:
Name of publisher, distributor, etc Libertador,
Date of publication, distribution, etc 2004
300 ## - PHYSICAL DESCRIPTION
Extent 188 p.
650 27 - SUBJECT ADDED ENTRY--TOPICAL TERM
Topical term or geographic name as entry element CAPITALISMO
9 (RLIN) 816
Source of heading or term unescot
650 27 - SUBJECT ADDED ENTRY--TOPICAL TERM
Topical term or geographic name as entry element ETICA
9 (RLIN) 916
Source of heading or term unescot
650 27 - SUBJECT ADDED ENTRY--TOPICAL TERM
Topical term or geographic name as entry element SOCIOLOGIA
9 (RLIN) 693
Source of heading or term unescot
942 ## - ADDED ENTRY ELEMENTS (KOHA)
Source of classification or shelving scheme Dewey Decimal Classification
Item type Libro, folleto, traducción
980 ## - EQUIVALENCE OR CROSS-REFERENCE-SERIES STATEMENT--PERSONAL NAME/TITLE [LOCAL, CANADA]
Linkage 19226
Personal name Palazón Marcela I.
Field link and sequence number 19226
Miscellaneous information Palazón Marcela I.
Holdings
Withdrawn status Lost status Source of classification or shelving scheme Damaged status Not for loan Home library Current library Date acquired Full call number Barcode Date last seen Copy number Price effective from Koha item type
    Dewey Decimal Classification     Biblioteca Central Biblioteca Central 25/06/2025 335 WEBe UNAJ25080069 25/06/2025 1 25/06/2025 Libro, folleto, traducción

Lunes a Viernes 8:30 a 19:00 hs. Cerrado por mudanza
Av.Calchaqui 6200 Florencio Varela (CP188) 2°piso Edificio Mosconi Aula 209-210
Mail: bibliotecacentralunaj@gmail.com  
Whatsapp(54 9)1122668024    ❔Pregunte a la bibliotecaria
© Universidad Nacional Arturo Jauretche | Secretaría Académica | Biblioteca Central UNAJ